Government and cluster development (Record no. 65518)
[ view plain ]
| 000 -LEADER | |
|---|---|
| fixed length control field | 01062cam a2200229 4500 |
| 008 - FIXED-LENGTH DATA ELEMENTS--GENERAL INFORMATION | |
| fixed length control field | 000000n2000 000 0 eng u |
| 035 ## - SYSTEM CONTROL NUMBER | |
| System control number | (Sirsi) u109777 |
| 245 ## - TITLE STATEMENT | |
| Title | Government and cluster development |
| 260 ## - PUBLICATION, DISTRIBUTION, ETC. | |
| Date of publication, distribution, etc. | 2000 |
| 490 ## - SERIES STATEMENT | |
| Series statement | Financial Times |
| Volume/sequential designation | 4 December 2000, 5(2) |
| 520 ## - SUMMARY, ETC. | |
| Summary, etc. | Discusses the findings of research carried out by the DTI into business clusters. These will be detailed in a report, which is due to be published during the next few weeks. The research suggests that clusters - groups of industries associated with specific regions - can be used as a springboard for wealth creation, but cannot be created by government. Looks at the biotechnology cluster in Cambridgeshire, the motor racing cluster in Oxfordshire, and the chemical groups in Middlesbrough. |
| 590 ## - LOCAL NOTE (RLIN) | |
| Local note | WB |
| 650 ## - SUBJECT ADDED ENTRY--TOPICAL TERM | |
| Topical term or geographic name entry element | BUSINESS CLUSTERS |
| 650 ## - SUBJECT ADDED ENTRY--TOPICAL TERM | |
| Topical term or geographic name entry element | DTI |
| 650 ## - SUBJECT ADDED ENTRY--TOPICAL TERM | |
| Topical term or geographic name entry element | GOVERNMENT POLICY |
| 650 ## - SUBJECT ADDED ENTRY--TOPICAL TERM | |
| Topical term or geographic name entry element | CAMBRIDGESHIRE |
| 650 ## - SUBJECT ADDED ENTRY--TOPICAL TERM | |
| Topical term or geographic name entry element | OXFORDSHIRE |
| 650 ## - SUBJECT ADDED ENTRY--TOPICAL TERM | |
| Topical term or geographic name entry element | MIDDLESBROUGH |
| 650 ## - SUBJECT ADDED ENTRY--TOPICAL TERM | |
| Topical term or geographic name entry element | REGIONAL DEVELOPMENT |
| 690 ## - LOCAL SUBJECT ADDED ENTRY--TOPICAL TERM (OCLC, RLIN) | |
| Topical term or geographic name as entry element | ECONOMIC ISSUES |
| 942 ## - ADDED ENTRY ELEMENTS (KOHA) | |
| Suppress in OPAC | 0 |
No items available.